000 00324pab a2200145 454500
008 180718b1986 xxu||||| |||| 00| 0 eng d
100 _aNarendra Prasad
245 _aLead banks and rural transformation
260 _c1986
300 _a21-3,28
362 _a16 July
650 _aBanks
773 _aYojana
909 _a4249
999 _c4249
_d4249